|
|
|
|
| LEADER |
01051nam a2200265 a 4500 |
| 001 |
c000301706 |
| 003 |
CARM |
| 005 |
20061111042532.0 |
| 008 |
730327s1973 nju b 001 0 eng |
| 019 |
1 |
|
|a 501923
|5 LACONCORD2021
|
| 020 |
|
|
|a 0810806231
|
| 035 |
|
|
|a (OCoLC)609786
|5 LACONCORD2021
|
| 043 |
|
|
|a n-us---
|
| 082 |
0 |
0 |
|a 808
|
| 100 |
1 |
|
|a Boyer, Calvin J.
|q (Calvin James),
|d 1939-
|
| 245 |
1 |
4 |
|a The doctoral dissertation as an information source :
|b a study of scientific information flow /
|c by Calvin James Boyer.
|
| 260 |
|
|
|a Metuchen, N.J :
|b Scarecrow Press,
|c 1973.
|
| 300 |
|
|
|a x, 129 p. ;
|c 22 cm.
|
| 502 |
|
|
|a Thesis--University of Texas at Austin.
|
| 504 |
|
|
|a Bibliography: p. 117-124.
|
| 650 |
|
0 |
|a Dissertations, Academic
|z United States
|x History.
|
| 650 |
|
0 |
|a Doctor of philosophy degree.
|
| 852 |
8 |
|
|b CARM
|h A3:AE02B0
|i B11478
|p 0542751
|f BK
|
| 999 |
f |
f |
|i 1eb94469-c044-5bba-af20-14d633216bbc
|s fc37caec-9e91-5f1b-b005-95e18ef05dcb
|
| 952 |
f |
f |
|p Can circulate
|a CAVAL
|b CAVAL
|c CAVAL
|d CARM 1 Store
|e B11478
|f A3:AE02B0
|h Other scheme
|i book
|m 0542751
|